| 000 | 00547nam a2200193Ia 4500 | ||
|---|---|---|---|
| 005 | 20260429112033.0 | ||
| 008 | 260429s9999||||xx |||||||||||||| ||und|| | ||
| 020 | _a9781804892206 | ||
| 041 | _aEnglish | ||
| 082 |
_a070.4 _bHAR |
||
| 100 | _aHarper, Finnian | ||
| 245 | 0 |
_aCommunication management in journalism / _cFinnian Harper |
|
| 260 |
_aUnited Kingdom : _bBrilliant Publication Ltd. , _c2025. |
||
| 300 | _axii, 294 p.; hb | ||
| 650 | _a Communication management | ||
| 650 | _a Media studies | ||
| 650 | _aJournalism | ||
| 942 | _cTB | ||
| 999 |
_c52022 _d52022 |
||